Sociedad y concertación en el proceso de pacificación en El Salvador /
Guardado en:
| Autor principal: | |
|---|---|
| Formato: | Texto |
| Etiquetas: |
Agregar Etiqueta
Sin Etiquetas, Sea el primero en etiquetar este registro!
|
MARC
| LEADER | 00000 a a2200000 04500 | ||
|---|---|---|---|
| 001 | 43990 | ||
| 003 | |||
| 040 | |||
| 100 | |a Guido Béjar, Rafael | ||
| 245 | |a Sociedad y concertación en el proceso de pacificación en El Salvador / |c Rafael Guido Béjar | ||
| 773 | |g páginas 183-208 | ||
| 999 | |c 30528 |d 30528 | ||
